000
00288nam a22001337a 4500
008
170921b xxu||||| |||| 00| 0 eng d
020
_a
2900805321813
041
_a
eng
080
_2
9TH
_a
78
100
_a
45
101
_a
MUZ
245
_a
DANCE A WHILE
_c
PITTMAN,A.M
942
_2
udc
_c
BK
999
_c
28837
_d
28837